书目信息 |
| 题名: |
中外神话传说
|
|
| 作者: | 陈玉芬 , 张欣悦 编译 | |
| 分册: | 上学期 | |
| 出版信息: | 北京 人民文学出版社 2020.5 |
|
| 页数: | 169页 | |
| 开本: | 24cm | |
| 丛书名: | ||
| 单 册: | ||
| 中图分类: | I17 , G624.23 | |
| 科图分类: | ||
| 主题词: | 神话--作品集--世界 , 教育--各级 | |
| 电子资源: | ||
| ISBN: | 978-7-02-015899-7 | |
| 000 | 01031nam0 2200289 45 | |
| 001 | 012001002792 | |
| 005 | 20210923102250.17 | |
| 010 | @a978-7-02-015899-7@dCNY19.00 | |
| 099 | @aCAL 012020104437 | |
| 100 | @a20200624d2018 ce y0chiy0110 ea | |
| 101 | 0 | @achi |
| 102 | @aCN@b110000 | |
| 105 | @ay z 000fy | |
| 106 | @ar | |
| 200 | 1 | @a中外神话传说@Azhong wai shen hua chuan shuo@e四年级@h上学期@f陈玉芬, 张欣悦编译@FChen Yu Fen, Zhang Xin Yue Bian Yi |
| 210 | @a北京@c人民文学出版社@d2020.5 | |
| 215 | @a169页@d24cm | |
| 300 | @a小学语文教材“快乐读书吧”推荐书目 四年级上学期 | |
| 330 | @a本书内容包括: 《盘古开天地》《共工触山与女娲补天》《炎帝尝百草》《精卫填海》《羿射九日》《大禹治水》《俄耳甫斯》《众神之父奥丁》《火神洛基》《严寒老人》等篇目。 | |
| 606 | 0 | @a神话@x作品集@y世界 |
| 606 | 0 | @a教育@x各级 |
| 690 | @aI17@v5 | |
| 690 | @aG624.23@v3 | |
| 701 | 0 | @a陈玉芬@Achen yu fen@4编译 |
| 701 | 0 | @a张欣悦@Azhang xin yue@4编译 |
| 801 | @aCN@bAHXH@c20210922 | |
| 905 | @b1282581-5@dG624.23@e1976:1@f5 | |
| 中外神话传说:四年级.上学期/陈玉芬, 张欣悦编译.-北京:人民文学出版社,2020.5 |
| 169页;24cm |
| 小学语文教材“快乐读书吧”推荐书目 四年级上学期 |
| ISBN 978-7-02-015899-7:CNY19.00 |
| 本书内容包括: 《盘古开天地》《共工触山与女娲补天》《炎帝尝百草》《精卫填海》《羿射九日》《大禹治水》《俄耳甫斯》《众神之父奥丁》《火神洛基》《严寒老人》等篇目。 |
| ● |
| 相关链接 |
|
|
|
|
正题名:中外神话传说
索取号:G624.23/1976:1
 
预约/预借
| 序号 | 登录号 | 条形码 | 馆藏地/架位号 | 状态 | 备注 |
| 1 | 1282581 | 212825816 | 第一样本阅览室/ [索取号:G624.23/1976:1] | 在馆 | |
| 2 | 1282582 | 212825825 | 教育系资料室/ [索取号:G624.23/1976:1] | 在馆 | |
| 3 | 1282583 | 212825834 | 教育系资料室/ [索取号:G624.23/1976:1] | 在馆 | |
| 4 | 1282584 | 212825843 | 第四借阅区/ [索取号:G624.23/1976:1] | 在馆 | |
| 5 | 1282585 | 212825852 | 第四借阅区/ [索取号:G624.23/1976:1] | 在馆 |